[Event "FRA-chT3 Gr12 0304"]
[Site "Loire"]
[Date "2004.02.01"]
[Round "5.4"]
[White "Martin, Jean Yves"]
[Black "Ravot, Cyril"]
[Result "1-0"]
[WhiteElo "1740"]
[BlackElo "1790"]
[PlyCount "87"]
[EventDate "2003.10.12"]
[EventType "team"]
[EventRounds "9"]
[EventCountry "FRA"]
[SourceTitle "EXT 2008"]
[Source "ChessBase"]
[SourceDate "2007.11.25"]
[SourceVersion "1"]
[SourceVersionDate "2007.11.25"]
[SourceQuality "1"]

1. d4 d6 2. c4 Nf6 3. Nc3 Bf5 4. Nf3 Nbd7 5. Bf4 Nh5 6. Bc1 e5 7. e4 Bg6 8. Be3 Be7 9. Be2 0-0 10. g4 Nhf6 11. Nd2 exd4 12. Bxd4 c5 13. Be3 Qa5 14. Qc2 Ne5 15. h3 Qc7 16. f4 Nc6 17. f5 Nb4 18. Qb1 d5 19. fxg6 fxg6 20. cxd5 Nd7 21. Nf3 Rxf3 22. Bxf3 Qg3+ 23. Ke2 Rf8 24. Rf1 Ne5 25. Qe1 Rxf3 26. Qxg3 Rxg3 27. Rf2 Nc2 28. Bf4 Rxh3 29. Bxe5 Nxa1 30. d6 Bg5 31. Nd5 h5 32. Ne7+ Kh7 33. gxh5 gxh5 34. Rf7 Bh6 35. d7 Re3+ 36. Kf2 Rd3 37. Nd5 Rd2+ 38. Kg3 Rd3+ 39. Rf3 h4+ 40. Kg4 Rd1 41. d8Q Rg1+ 42. Kf5 Nc2 43. Ne7 Rg5+ 44. Ke6 1-0